000 00512nam a2200181Ia 4500
003 GCL
008 140319s9999 xx 000 0 ara d
040 _aGCL /
_cGCL
082 0 4 _a411.5
_bك ع
100 1 _aكمال محمد بشر
245 1 0 _aعلم اللغة العام 0 الاصوات /
_cكمال محمد بشر
260 _a[S.N] :
_bدار المعارف ،
_c1980
300 _a201 ص
490 _a
650 0 4 _aالاصوات اللغوية
650 0 4 _aالاصوات
942 _2ddc
_cBK
999 _c53675
_d53675